00413nam a2200169Ia 4500008004100000020001800041041000800059082001500067100001900082245002800101260004000129300000900169500001500178500001500193650001600208700001900224230125s9999 xx 000 0 und d a81-7381-188-1 aeng a519.5bMUK aMukhopadhyay P aMathematical Statistics c1996bCentral PublicationaCalcutta a980p aStatistics aStatistics aMathematics aMukhopadhyay P